000 00386 a2200133 4500
020 _a0827362218
082 _a624.1821 BUR
100 _aBurns, Thomas,
245 _aStructural steel design-LRFD /
_cThomas Burns.
260 _aAlbany :
_bDelmar Publishers,
_cc1995.
300 _axi, 388 p. :
_bill. ;
_c25 cm.
650 _aBuilding, Iron and steel.
650 _aLoad factor design.
650 _aSteel, Structural.
999 _c1284
_d1284